Statistics for Biggest City in each U.S. State by Letter N

Click here to take the quiz!

General Stats

  • This quiz has been taken 600 times
  • The average score is 10 of 19

Answer Stats

StatePopulationCity% Correct
New York8,175,133New York City
99%
Tennessee626,681Nashville
96%
Louisiana343,829New Orleans
94%
New Jersey277,140Newark
89%
Virginia245,782Norfolk
83%
Connecticut129,779New Haven
79%
Nevada216,961North Las Vegas
79%
Illinois141,853Naperville
65%
New Hampshire86,494Nashua
61%
Oklahoma110,925Norman
61%
Idaho81,557Nampa
54%
South Carolina97,471North Charleston
41%
Massachusetts95,072New Bedford
35%
California105,549Norwalk
33%
Arkansas74,187North Little Rock
30%
Michigan55,224Novi
10%
Florida68,628North Port
9%
Indiana51,969Noblesville
6%
Texas63,343North Richland Hills
5%

Score Distribution

Percentile by Number Answered

Percent of People with Each Score

Your Score History

You have not taken this quiz